000 00571cam a2200181 4500
001 ABS61084
008 000000n1999 000 0 eng u
035 _a(Sirsi) u101633
100 _aFoxley, S.
245 _aBroader downward yield adjustment may be established by end-year.
260 _c1999
490 _aProperty Forecast
_vAugust 1999, 8-9(2)
520 _aExamines how property yields have behaved during 1999.
650 _aYIELDS
690 _aPROPERTY-COMMERCIAL PROPERTY-COMMERCIAL PROPERTY FINANCE AND INVESTMENT
700 _aRoss, S.
942 _n0
999 _c60761
_d60761